Handbuch der Kontorpraxis
Gespeichert in:
| Format: | Buch |
|---|---|
| Sprache: | Deutsch |
| Veröffentlicht: |
Berlin
Langenscheidt
1895
|
| Tags: |
Keine Tags, Fügen Sie das erste Tag hinzu!
|
MARC
| LEADER | 00000nam a2200000 4500 | ||
|---|---|---|---|
| 001 | 0306983 | ||
| 005 | 20250212112146.2 | ||
| 041 | 0 | |a ger | |
| 044 | |a DE | ||
| 245 | 1 | 0 | |a Handbuch der Kontorpraxis |c L. F. Huber |
| 264 | 1 | |a Berlin |b Langenscheidt |c 1895 | |